00916nam a2200229 i 4500001000700000003000900007005001700016007000300033008004100036100002900077245014200106260003200248300003000280490004600310650004700356700004000403700002400443830005400467852002300521999001900544952012300563188799ES-MaACL20230906223315.0t|190215s1964 sp ||||1| spa d1 aPorcher, Pierre.916630410aCómo interpretar... una radiografía gastroduodenal / cP. Porcher..., C. Lacuire... ; traducción del Dr. Gumersindo Díaz López. aMadrid : bDaimon, c[1964] a144 p. : bil. ; c16 cm.1 aColección Médica Internacional ; v17 4aAparato digestivo-xRadiografía.91663051 aDíaz López, Gumersindo.91663061 aLacuire, C.91663070 aColección Médica Internacional ; v179183453 aES-MaACLjP-488-15 c188799d188799 00104070aATENEOMbATENEOMcDEPO2d2019-02-15eSCl0oP-488-15p1199929r2023-02-23 00:00:00w2023-02-23yMONOGRAFIA